00237nam a2200097Ia 4500008004100000100000900041245003800050260002700088942000700115999001700122190216s9999||||xx |||||||||||||| ||und|| aNull 0aHindi-Swaraj Ke Manthratha Dilmem bPrabhakar Publications cBK c18434d18434